| 000 | 00579nam a2200205 i 4500 | ||
|---|---|---|---|
| 001 | 75261 | ||
| 003 | ES-MaACL | ||
| 005 | 20230929062529.0 | ||
| 007 | t| | ||
| 008 | 040923s1931 sp ||||1| spa d | ||
| 245 | 0 | 0 | _aGramática de la lengua española. |
| 250 | _aNueva ed. reformada. | ||
| 260 |
_aMadrid : _bEspasa-Calpe, _c1931. |
||
| 300 |
_a534 p. ; _c22 cm. |
||
| 500 | _aPrecede al tit.: Academia Española. | ||
| 650 | 4 |
_aLengua española- _xGramática. _914161 |
|
| 710 | 2 |
_aReal Academia Española _96336 |
|
| 852 |
_aES-MaACL _jA-1791 |
||
| 999 |
_c75261 _d75261 |
||